00577nam a2200133Ia 4500008004100000020001800041082002200059100002200081245007400103260004900177300001100226440006400237650014200301120622s9999 xx 000 0 und d a968-810-004-8 a327.72 A673hd v.5 aZorrilla, Luis G. aMonumentacion de la frontera norte en el siglo XIX / Luis G. Zorrilla aMexico : Secretaria de Relaciones Exteriores a468 p. aArchivo Historico Diplomatico Mexicano. Cuarta epoca ; no.5 a1. MEXICO - LIMITES - SIGLO XIX \ 2. MEXICO - GEOPOLITICA - SIGLO XIX \ 3. MEXICO - RELACIONES EXTERIORES - ESTADOS UNIDOS - SIGLO XIXÌ